[Event "Women's Speed Chess Q7"]
[Site "chess.com INT"]
[Date "2021.06.06"]
[Round "20"]
[White "Potapova, Margarita"]
[Black "Tokhirjonova, Gulrukhbegim"]
[Result "1-0"]
[WhiteTitle "WIM"]
[BlackTitle "WGM"]
[WhiteElo "2260"]
[BlackElo "2344"]
[WhiteFideId "14126869"]
[BlackFideId "14203626"]
[EventDate "2021.06.06"]

1. Nf3 d5 2. b3 Nf6 3. Bb2 c6 4. g3 g6 5. Bg2 Bg7 6. O-O O-O 7. c4 Re8 8. d3 Bg4
9. Nbd2 Nbd7 10. Qc2 Rc8 11. h3 Bxf3 12. Nxf3 e5 13. e4 d4 14. b4 c5 15. b5 b6
16. a4 h6 17. a5 Qc7 18. Nd2 Nh5 19. axb6 axb6 20. Ra6 Ra8 21. Rfa1 Rxa6 22.
bxa6 Ra8 23. Qb3 Bf8 24. Qb5 Ng7 25. f4 exf4 26. e5 Ra7 27. gxf4 Ne6 28. Rf1 Nb8
29. Bb7 Rxb7 30. axb7 Qxb7 31. Ne4 Nc6 32. Bc1 Nb4 33. Nf6+ Kg7 34. Qe8 Nxd3 35.
f5 gxf5 36. Kh2 Nxe5 37. Nd5 Ng6 38. Rxf5 b5 39. Rh5 Ng5 40. Rxg5 hxg5 41. Bxg5
bxc4 42. Bf6+ Kh7 43. Qe4 Bd6+ 44. Kg2 Qb2+ 45. Kf3 Qa3+ 46. Kg2 Qg3+ 47. Kf1 1-0

[Event "Women's Speed Chess Q7"]
[Site "chess.com INT"]
[Date "2021.06.06"]
[Round "20"]
[White "Semenova, Elena1"]
[Black "Pham, Le Thao Nguyen"]
[Result "1/2-1/2"]
[WhiteTitle "WIM"]
[BlackTitle "IM"]
[WhiteElo "2246"]
[BlackElo "2369"]
[WhiteFideId "24125148"]
[BlackFideId "12401226"]
[EventDate "2021.06.06"]

1. e4 c6 2. d4 d5 3. Nd2 dxe4 4. Nxe4 Nf6 5. Nxf6+ exf6 6. c3 Bd6 7. Bd3 Qe7+ 8.
Ne2 Bg4 9. O-O Bxe2 10. Qxe2 Qxe2 11. Bxe2 O-O 12. Be3 Nd7 13. Rfe1 Rfd8 14.
Rad1 Nf8 15. f3 f5 16. Bd3 g6 17. Bg5 Rd7 18. Bf6 Ne6 19. Be5 Bxe5 20. Rxe5 Nc7
21. Bc4 Rad8 22. Rde1 Kf8 23. Kf2 Ne8 24. Bb3 Nd6 25. a4 a6 26. a5 Nb5 27. Ba2
Nc7 28. b4 Re8 29. Rxe8+ Nxe8 30. Bb3 Nd6 31. h4 Nb5 32. Rc1 f4 33. Bc4 Nd6 34.
Bd3 Nc8 35. Re1 Ne7 36. Bc4 h6 37. Re4 g5 38. hxg5 hxg5 39. Re5 f6 40. Re6 Kg7
41. Ke1 Nf5 42. Re8 Ne3 43. Be6 Rc7 44. Kf2 Nd1+ 45. Ke1 Nxc3 46. Bg8 Nb5 47. d5
cxd5 48. Bxd5 Nd6 49. Rd8 Nf7 50. Rb8 Nd6 51. Rd8 Nf7 52. Rb8 Nd6 53. Rd8 1/2-1/2

[Event "Women's Speed Chess Q7"]
[Site "chess.com INT"]
[Date "2021.06.06"]
[Round "20"]
[White "Nguyen, Hong Ngoc"]
[Black "Petrova, Irina"]
[Result "1/2-1/2"]
[WhiteTitle "WCM"]
[BlackTitle "WIM"]
[WhiteElo "1957"]
[BlackElo "2110"]
[WhiteFideId "12403083"]
[BlackFideId "14124122"]
[EventDate "2021.06.06"]

1. e4 d6 2. d4 Nf6 3. Nc3 e5 4. dxe5 dxe5 5. Qxd8+ Kxd8 6. f3 Be6 7. Be3 Nbd7 8.
O-O-O c6 9. Nge2 b5 10. g4 h6 11. h4 Kc7 12. Bg2 a5 13. Ng3 a4 14. g5 hxg5 15.
hxg5 Rxh1 16. Rxh1 Ne8 17. a3 Nd6 18. f4 Nb6 19. fxe5 Ndc4 20. Bf4 b4 21. axb4
Bxb4 22. Nge2 a3 23. bxa3 Bxa3+ 24. Kd1 Rd8+ 25. Ke1 Bb4 26. Kf2 Bc5+ 27. Kg3
Be3 28. Rd1 Ra8 29. Bh3 Bxh3 30. Kxh3 Bxf4 31. Nxf4 Nxe5 32. Nd3 Nxd3 33. cxd3
Ra3 34. Ne2 Kd7 35. Kg4 Nc8 36. Nf4 Ne7 37. d4 Ra2 38. d5 cxd5 39. Nxd5 Nxd5 40.
Rxd5+ Ke7 41. Re5+ Kf8 42. Rb5 Rg2+ 43. Kf4 Rf2+ 44. Kg3 Rf1 45. Rb7 g6 46. Kg4
Kg7 47. Rb6 Re1 48. Kf4 Rf1+ 49. Ke3 Re1+ 50. Kf3 Rd1 51. e5 Re1 52. Kf4 Rf1+
53. Ke4 Re1+ 54. Kd5 Rd1+ 55. Ke4 Re1+ 56. Kf4 Rf1+ 57. Kg3 Rg1+ 58. Kf4 Rf1+ 1/2-1/2

[Event "Women's Speed Chess Q7"]
[Site "chess.com INT"]
[Date "2021.06.06"]
[Round "20"]
[White "Von Herman, Brigitte"]
[Black "Zaksaite, Salomeja"]
[Result "0-1"]
[WhiteTitle "WFM"]
[BlackTitle "WIM"]
[WhiteElo "1991"]
[BlackElo "2202"]
[WhiteFideId "4628730"]
[BlackFideId "12801496"]
[EventDate "2021.06.06"]

1. e4 c5 2. c3 e6 3. d4 Nf6 4. Bd3 d6 5. Nf3 Nc6 6. O-O Be7 7. Re1 O-O 8. Bg5 h6
9. Bh4 b6 10. a4 Bb7 11. Qe2 a6 12. Na3 cxd4 13. cxd4 Nb4 14. Bb1 Rc8 15. Nc2 a5
16. Nxb4 axb4 17. Bd3 Qd7 18. b3 Rc3 19. Bb5 Bc6 20. Bd3 Rxb3 21. Rab1 Rc3 22.
Rxb4 d5 23. Rxb6 dxe4 24. Ne5 exd3 25. Nxd7 dxe2 26. Nxf8 Bxf8 27. Bxf6 gxf6 28.
h3 Rc2 29. a5 Bd5 30. a6 Ra2 31. a7 Rxa7 32. Rxe2 Ra1+ 33. Kh2 Rd1 34. Reb2 Rxd4
35. g3 Kg7 36. Rb1 Rd2 37. h4 Bc5 38. Rf1 Bxb6 39. Kg1 Rxf2 40. Rxf2 f5 41. Kf1
Bxf2 42. Kxf2 Kf6 43. Ke3 Ke5 44. h5 Be4 45. Kf2 f4 46. g4 f3 47. Ke3 f6 48. Kf2
Kf4 49. g5 fxg5 50. Kf1 g4 51. Kf2 g3+ 52. Kg1 f2+ 53. Kf1 Bd3+ 54. Kg2 f1=Q# 0-1

[Event "Women's Speed Chess Q7"]
[Site "chess.com INT"]
[Date "2021.06.06"]
[Round "20"]
[White "Balabayeva, Xeniya"]
[Black "Frayna, Janelle Mae"]
[Result "0-1"]
[WhiteTitle "WFM"]
[BlackTitle "WGM"]
[WhiteElo "2116"]
[BlackElo "2179"]
[WhiteFideId "13719688"]
[BlackFideId "5212499"]
[EventDate "2021.06.06"]

1. e4 Nf6 2. e5 Nd5 3. d4 d6 4. c4 Nb6 5. exd6 cxd6 6. Nc3 g6 7. Be3 Bg7 8. Rc1
O-O 9. b3 Nc6 10. Nf3 Bg4 11. Be2 d5 12. c5 Nc8 13. O-O e6 14. h3 Bxf3 15. Bxf3
N8e7 16. Qd2 Nf5 17. Ne2 Nh4 18. Bg4 h5 19. Bg5 Bf6 20. Bxh4 Bxh4 21. Bf3 Bg5
22. Qd3 Bxc1 23. Rxc1 Qf6 24. Rd1 b6 25. cxb6 axb6 26. a4 Rfc8 27. Qb5 Qd8 28.
Ng3 Ra5 29. Qe2 Qf6 30. Qd2 Raa8 31. Kh2 Qe7 32. Qe3 Qb4 33. Rd3 Na5 34. Qg5 Kf8
35. Bxh5 gxh5 36. Nxh5 Rc3 37. Qf6 Rxd3 38. Qg7+ Ke7 39. Qf6+ Kd6 40. Qxf7 Qxd4
41. Nf4 Qe4 42. Nxd3 Qxd3 43. Qf4+ Kc6 44. Qb4 Qxb3 45. Qe7 Nc4 46. Qxe6+ Nd6
47. h4 Rxa4 48. g3 Qf3 0-1

[Event "Women's Speed Chess Q7"]
[Site "chess.com INT"]
[Date "2021.06.06"]
[Round "20"]
[White "Golubenko, Valentina"]
[Black "Sviridova, Vlada"]
[Result "1-0"]
[WhiteTitle "WGM"]
[BlackTitle "WFM"]
[WhiteElo "2209"]
[BlackElo "2144"]
[WhiteFideId "4501993"]
[BlackFideId "24109606"]
[EventDate "2021.06.06"]

1. d4 d5 2. Nf3 Nf6 3. g3 c6 4. Bg2 Bf5 5. O-O h6 6. c4 e6 7. Nc3 Be7 8. cxd5
exd5 9. Bf4 O-O 10. Rc1 Nbd7 11. a3 a5 12. Ne5 Nxe5 13. dxe5 Nd7 14. e4 dxe4 15.
Nxe4 Bxe4 16. Bxe4 Nc5 17. Bc2 Qxd1 18. Rfxd1 Ne6 19. Be3 Rfd8 20. f4 Kf8 21.
Bb6 Rxd1+ 22. Rxd1 Ke8 23. Kg2 Ra6 24. Be3 b5 25. f5 Nc7 26. Be4 b4 27. axb4
axb4 28. Rc1 Kd7 29. Rd1+ Kc8 30. Bd3 Ra2 31. Bd4 c5 32. Bc4 Ra5 33. Be3 f6 34.
e6 Ra7 35. Rd7 Bd8 36. Bxc5 Ra1 37. Rxg7 Rc1 38. b3 Rc2+ 39. Kh3 Rc3 40. e7 Bxe7
41. Bxe7 Ne8 42. Rg8 Kd7 43. Bb5+ Kxe7 44. Rxe8+ Kf7 45. Rd8 Ke7 46. Rd3 Rc2 47.
Bc4 Rb2 48. Re3+ Kf8 49. Re6 Kg7 50. Re7+ Kh8 51. Rb7 h5 52. Rxb4 Kg7 53. Rb7+
Kh6 54. Bg8 Kg5 55. Be6 h4 56. gxh4+ Kf4 57. Rb4+ Ke5 58. Rg4 Rf2 59. Rg3 Rf4
60. h5 1-0

[Event "Women's Speed Chess Q7"]
[Site "chess.com INT"]
[Date "2021.06.06"]
[Round "20"]
[White "Zhou, Qiyu"]
[Black "Nanditha, V"]
[Result "1-0"]
[WhiteTitle "FM"]
[BlackTitle "WCM"]
[WhiteElo "2229"]
[BlackElo "1666"]
[WhiteFideId "505161"]
[BlackFideId "46626697"]
[EventDate "2021.06.06"]

1. e4 c6 2. d4 d5 3. e5 e6 4. Nf3 c5 5. Be3 Nc6 6. c3 Nge7 7. Bb5 Nf5 8. O-O
Nxe3 9. fxe3 Be7 10. Nbd2 Qb6 11. Qe2 a6 12. Bxc6+ Qxc6 13. e4 b5 14. exd5 Qxd5
15. Qe4 Bb7 16. Qxd5 Bxd5 17. b3 cxd4 18. Nxd4 Rc8 19. Rac1 Ba3 20. Rc2 Ke7 21.
c4 bxc4 22. bxc4 Bc5 23. Nb3 Bxd4+ 24. Nxd4 Rxc4 25. Rxc4 Bxc4 26. Rc1 Bd5 27.
Rc7+ Kd8 28. Rxf7 Bxa2 29. Ra7 Re8 30. Rxa6 Bd5 31. Ra7 Re7 32. Rxe7 Kxe7 33.
Kf2 Kf7 34. g3 Ke7 35. Ke3 Kd7 36. h4 Kc7 37. Kf4 Kb6 38. Ne2 Kc5 39. Ng1 Kd4
40. Nh3 Bg2 41. Ng5 Bd5 42. Nxh7 Kd3 43. Ng5 Ke2 44. Nf7 Kf2 45. g4 Kg2 46. h5
Kh3 47. g5 Ba2 48. h6 gxh6 49. gxh6 Bb1 50. Ng5+ Kh4 51. h7 Bxh7 52. Nxh7 Kh5
53. Nf8 Kh6 54. Nxe6 Kg6 55. Nc7 Kf7 56. e6+ Ke7 57. Ke5 Kd8 58. Nd5 Ke8 59. Kd6
Kd8 60. e7+ Ke8 61. Nf6+ Kf7 62. e8=Q+ Kxf6 63. Qe6+ Kg5 64. Qf7 Kg4 65. Ke5 Kg3
66. Qf4+ Kg2 67. Ke4 Kg1 68. Qd2 Kh1 69. Kf3 Kg1 70. Qg2# 1-0

[Event "Women's Speed Chess Q7"]
[Site "chess.com INT"]
[Date "2021.06.06"]
[Round "20"]
[White "Berend, Elvira"]
[Black "Nurmanova, Alua"]
[Result "1/2-1/2"]
[WhiteTitle "WGM"]
[BlackTitle "WFM"]
[WhiteElo "2326"]
[BlackElo "2093"]
[WhiteFideId "4000510"]
[BlackFideId "13729390"]
[EventDate "2021.06.06"]

1. e4 c5 2. Nf3 d6 3. d4 cxd4 4. Nxd4 Nf6 5. Nc3 a6 6. g3 e5 7. Nde2 Be7 8. Bg2
O-O 9. O-O Qc7 10. h3 b5 11. Be3 Bb7 12. a3 Nbd7 13. g4 Nb6 14. Ng3 Nc4 15. Bc1
Rfd8 16. g5 Nd7 17. Nf5 Bf8 18. h4 Ndb6 19. h5 d5 20. exd5 b4 21. axb4 Bxb4 22.
Ne4 Bxd5 23. Qg4 Be6 24. g6 fxg6 25. hxg6 Bxf5 26. Qxf5 Rf8 27. Qh5 h6 28. Ng3
Ra7 29. c3 Be7 30. Bxh6 gxh6 31. Qxh6 Bf6 32. Nh5 Nd6 33. Rad1 Nf5 34. Nxf6+
Rxf6 35. Qh5 Rf8 36. Rfe1 Qg7 37. Bh3 Nh6 38. Be6+ Kh8 39. Kf1 Re7 40. Bf7 Rexf7
41. gxf7 Rxf7 42. Re2 Nc4 43. Rd8+ Kh7 44. Rd5 Qf6 45. Rdxe5 Nxe5 46. Qxe5 Qxe5
47. Rxe5 Rxf2+ 48. Kxf2 Ng4+ 49. Ke2 Nxe5 50. Ke3 Nc4+ 51. Kd4 Nxb2 52. Kc5 Na4+
53. Kb4 Nxc3 54. Kxc3 Kg6 55. Kb4 Kf5 56. Ka5 Ke5 57. Kxa6 1/2-1/2

[Event "Women's Speed Chess Q7"]
[Site "chess.com INT"]
[Date "2021.06.06"]
[Round "20"]
[White "Zawadzka, Jolanta"]
[Black "Mendoza, Shania Mae"]
[Result "0-1"]
[WhiteTitle "WGM"]
[BlackTitle "WFM"]
[WhiteElo "2403"]
[BlackElo "2158"]
[WhiteFideId "1122320"]
[BlackFideId "5211158"]
[EventDate "2021.06.06"]

1. e4 e5 2. Nf3 Nc6 3. d4 exd4 4. Nxd4 Nf6 5. Nxc6 bxc6 6. Bd3 d5 7. Qe2 Be7 8.
e5 Nd7 9. O-O Nc5 10. Bf4 O-O 11. Nd2 Ne6 12. Bg3 Re8 13. c3 Bf8 14. f4 Nc5 15.
Bc2 Rb8 16. Rfb1 g6 17. Qf2 Ne4 18. Nxe4 dxe4 19. Bxe4 Rb5 20. Qe2 Bd7 21. Rd1
Qc8 22. Bf2 a5 23. b3 a4 24. c4 Rb7 25. Rd3 axb3 26. axb3 Rb8 27. Rad1 Be6 28.
h3 Qb7 29. Kh2 Bg7 30. Qf3 h5 31. Bxc6 Qa6 32. Bxe8 Rxe8 33. Rd8 Rxd8 34. Rxd8+
Kh7 35. Rd2 Qa5 36. Qe3 Qb4 37. Rd1 Bh6 38. g3 Qe7 39. h4 Bc8 40. Qc3 Qe6 41.
Kg1 Qg4 42. Rd8 Bb7 43. c5 Bc6 44. Qc4 Qf5 45. Rf8 Bxf8 46. Be3 Bg7 47. b4 Qh3
48. Qe2 Qxg3+ 49. Kf1 Bf3 50. Qd2 Qxh4 51. b5 Qh3+ 52. Ke1 Qh1+ 53. Kf2 Qg2+ 54.
Ke1 h4 55. b6 h3 56. bxc7 h2 57. Qd8 h1=Q+ 0-1

[Event "Women's Speed Chess Q7"]
[Site "chess.com INT"]
[Date "2021.06.06"]
[Round "20"]
[White "Batsiashvili, Nino"]
[Black "Chu, Ruotong"]
[Result "1-0"]
[WhiteTitle "GM"]
[BlackTitle "WIM"]
[WhiteElo "2491"]
[BlackElo "2207"]
[WhiteFideId "13602993"]
[BlackFideId "8605653"]
[EventDate "2021.06.06"]

1. d4 d5 2. Nf3 Nf6 3. Bf4 Bf5 4. c4 e6 5. Nc3 dxc4 6. e3 Nd5 7. Bxc4 Nxf4 8.
exf4 Be7 9. O-O O-O 10. Ne5 Nc6 11. Nxc6 bxc6 12. Qd2 Rb8 13. Rad1 Bd6 14. b3
Qh4 15. g3 Qh3 16. Qe3 h5 17. Ne4 Be7 18. f3 Bh7 19. Nf2 Qf5 20. Rd2 Qa5 21. Ne4
h4 22. g4 Bb4 23. Rg2 Rbd8 24. Rd1 Qb6 25. Rd3 a5 26. a4 Be7 27. g5 Bxe4 28.
fxe4 c5 29. d5 exd5 30. Rxd5 c6 31. Rxd8 Rxd8 32. f5 Bd6 33. f6 Be5 34. Qf3 Qb4
35. g6 Qe1+ 36. Qf1 Qxf1+ 37. Kxf1 Bxf6 38. gxf7+ Kf8 39. Ke2 Rd4 40. Rg4 h3 41.
Ke3 Rd1 42. Kf3 Rd2 43. Kg3 Rg2+ 44. Kxh3 Rxg4 45. Kxg4 Be5 46. h4 Ke7 47. Kf5
Bf6 48. h5 Bd4 49. e5 Kf8 50. Ke6 Be3 51. Kd6 Bf4 52. Kxc5 Bxe5 53. Kxc6 Bc3 54.
Kd5 Bb4 55. Kc6 Be1 56. Kb5 Bb4 57. Bd5 Be1 58. Kc6 Bb4 59. Kd7 Be1 60. h6 Bb4
61. h7 1-0

[Event "Women's Speed Chess Q7"]
[Site "chess.com INT"]
[Date "2021.06.06"]
[Round "20"]
[White "Varshini, V"]
[Black "Ambartsumova, Karina"]
[Result "1/2-1/2"]
[WhiteTitle "WGM"]
[BlackTitle "IM"]
[WhiteElo "2226"]
[BlackElo "2382"]
[WhiteFideId "5091241"]
[BlackFideId "4166299"]
[EventDate "2021.06.06"]

1. e4 c5 2. Nc3 Nc6 3. Nge2 e6 4. g3 Nf6 5. Bg2 d6 6. d3 g6 7. O-O Bg7 8. f4 O-O
9. h3 Qc7 10. g4 b6 11. Ng3 Bb7 12. f5 Rfe8 13. g5 Nd7 14. f6 Bf8 15. Nce2 Nde5
16. Nf4 d5 17. exd5 exd5 18. Nxd5 Qd7 19. Bf4 Nd4 20. c4 Rad8 21. Be3 Nec6 22.
Qd2 Ne6 23. Rae1 Ncd4 24. Bxd4 Nxd4 25. Ne2 Nf5 26. Nef4 Bd6 27. Rxe8+ Rxe8 28.
Re1 Rxe1+ 29. Qxe1 Bxf4 30. Nxf4 Qd4+ 31. Qf2 Qxf2+ 32. Kxf2 Bc8 33. Be4 Nd4 34.
h4 Kf8 35. Ke3 Ke8 36. Nd5 Be6 37. Nc7+ Kd7 38. Nxe6 Nxe6 39. Bd5 Nd8 40. Ke4
Kd6 41. a3 a5 42. d4 cxd4 43. Kxd4 Kd7 44. b4 axb4 45. axb4 Kd6 46. c5+ bxc5+
47. bxc5+ Kc7 48. Kc4 Kd7 49. Kb5 Kc7 50. c6 Kd6 51. Bc4 Nxc6 52. Bxf7 Ne5 53.
Bg8 Nf3 54. Bxh7 Nxh4 55. Kc4 Nf3 56. Bxg6 Ne5+ 57. Kd4 Nxg6 58. f7 Ke7 59.
f8=Q+ Kxf8 60. Ke3 Kg7 61. Kd3 Kf7 62. Ke2 Ke6 63. Kd2 Kf5 64. Kc2 Kxg5 1/2-1/2

[Event "Women's Speed Chess Q7"]
[Site "chess.com INT"]
[Date "2021.06.06"]
[Round "20"]
[White "Buksa, Nataliya"]
[Black "Vo, Thi Kim Phung"]
[Result "1-0"]
[WhiteTitle "IM"]
[BlackTitle "WGM"]
[WhiteElo "2413"]
[BlackElo "2335"]
[WhiteFideId "14123622"]
[BlackFideId "12401838"]
[EventDate "2021.06.06"]

1. e4 e6 2. d4 d5 3. Nd2 Nf6 4. e5 Nfd7 5. Ngf3 c5 6. c3 b6 7. Bd3 Ba6 8. Qe2
Qc8 9. Bb5 Bxb5 10. Qxb5 Qa6 11. Qxa6 Nxa6 12. a3 cxd4 13. cxd4 Rc8 14. Ke2 Be7
15. Kd3 b5 16. Nb3 Nb6 17. Na5 Nc4 18. Nxc4 bxc4+ 19. Kc2 Rb8 20. Bd2 h6 21. Bc3
Kd7 22. Nd2 Rhc8 23. f4 g6 24. g4 Rg8 25. Rhf1 h5 26. h3 hxg4 27. hxg4 Rh8 28.
Rh1 Rbc8 29. Rag1 Nb8 30. Nf1 Nc6 31. Ng3 Rcg8 32. Nf1 Bd8 33. Ng3 Bb6 34. Ne2
Bc7 35. Kd2 Bb6 36. Ke3 Bc7 37. Kf3 Bb6 38. Kg2 Bc7 39. Rxh8 Rxh8 40. Rh1 Rxh1
41. Kxh1 Bb6 42. Kg2 a6 43. Kh3 Bd8 44. Kg3 Na7 45. Kf3 Nb5 46. Ke3 Bb6 47. Ng1
Bd8 48. Nf3 Be7 49. Kd2 Ke8 50. Kc2 Kd7 51. g5 Bd8 52. Nh2 Bb6 53. Nf3 Ba7 54.
a4 Nc7 55. Nh2 Bb6 56. Ng4 Ke7 57. Bb4+ Kd7 58. Kc3 Ne8 59. Nh6 Ng7 60. Nxf7 Nh5
61. a5 Ba7 62. Bc5 Bb8 63. Nh6 Nxf4 64. Ng8 Bc7 65. Nf6+ Kc6 66. Kd2 Bxa5+ 67.
Ke3 Nh5 68. Ng8 Bd8 69. Nf6 a5 70. Nxh5 1-0

[Event "Women's Speed Chess Q7"]
[Site "chess.com INT"]
[Date "2021.06.06"]
[Round "20"]
[White "Jakubowska, Anna"]
[Black "Kanyamarala, Trisha"]
[Result "1/2-1/2"]
[WhiteTitle "WIM"]
[BlackTitle "WIM"]
[WhiteElo "2073"]
[BlackElo "2180"]
[WhiteFideId "1121952"]
[BlackFideId "45004722"]
[EventDate "2021.06.06"]

1. e4 c5 2. Nc3 Nc6 3. g3 Nf6 4. Bg2 g6 5. d3 Bg7 6. Nge2 O-O 7. Be3 d6 8. h3
Rb8 9. Qd2 b5 10. Bh6 b4 11. Nd1 Bb7 12. O-O d5 13. Bxg7 Kxg7 14. exd5 Nxd5 15.
Ne3 Nd4 16. c3 Nxe2+ 17. Qxe2 Nxe3 18. Qxe3 Bxg2 19. Kxg2 Qd5+ 20. Kh2 Rfe8 21.
Rfe1 Rbd8 22. Qe5+ Qxe5 23. Rxe5 Rxd3 24. Rxc5 Rd2 25. Kg2 Rxb2 26. cxb4 Rxb4
27. Rc7 Ra4 28. a3 f6 29. Kf3 Kf7 30. Ke3 Rb8 31. Rc3 Rb6 32. f4 Re6+ 33. Kf3
Rd6 34. Re1 Rda6 35. Ree3 R4a5 36. h4 Re6 37. Red3 Rd6 38. Re3 Re6 39. Red3 Rea6
40. g4 Ra4 41. g5 R4a5 42. gxf6 Kxf6 43. Re3 Ra4 44. Kg3 Kf7 45. Kg4 Rf6 46. Rf3
e5 47. Rc7+ Ke6 48. Rc6+ Ke7 49. Rc7+ Kd6 50. Rxh7 Rfxf4+ 51. Rxf4 exf4 52. Kg5
Rxa3 53. Kxg6 Rg3+ 54. Kf5 f3 55. Ke4 f2 56. Rf7 Rh3 57. Kd4 Rxh4+ 58. Ke3 Rh2
59. Ke2 a5 60. Ra7 Kc6 61. Rxa5 Kb6 62. Rf5 Rg2 63. Kf1 Rg3 64. Rxf2 Rg8 65. Ke2
Rc8 66. Kd3 Rd8+ 67. Kc4 Kc7 68. Kb4 Rd4+ 69. Kc5 Rh4 70. Rf7+ Kd8 71. Kc6 Rc4+
72. Kd5 Rc1 73. Kd6 Rd1+ 74. Ke6 Re1+ 75. Kd5 Rd1+ 76. Kc4 Rc1+ 77. Kd3 Rd1+ 78.
Ke2 Rd7 79. Rxd7+ Kxd7 1/2-1/2

[Event "Women's Speed Chess Q7"]
[Site "chess.com INT"]
[Date "2021.06.06"]
[Round "20"]
[White "Pandey, Srishti"]
[Black "Fernandez, Maria Florencia"]
[Result "1-0"]
[WhiteTitle "WFM"]
[BlackTitle "WIM"]
[WhiteElo "2026"]
[BlackElo "2229"]
[WhiteFideId "35093290"]
[BlackFideId "116459"]
[EventDate "2021.06.06"]

1. e4 d6 2. d4 Nf6 3. Nc3 g6 4. Nf3 Bg7 5. Be2 O-O 6. O-O c6 7. a4 a5 8. Be3 Na6
9. Nd2 Nb4 10. Nc4 e5 11. dxe5 dxe5 12. Nxe5 Qxd1 13. Bxd1 Nxe4 14. Nxe4 Bxe5
15. c3 Nd3 16. Rb1 Bf5 17. f3 Nf4 18. Bc2 Nd5 19. Bc5 Rfe8 20. g4 Bxe4 21. fxe4
Nf4 22. Rbe1 Rad8 23. Rd1 Ne6 24. Bb6 Ra8 25. Rd7 Reb8 26. Rdxf7 Ng5 27. Rd7 Rf8
28. Bb3+ Kh8 29. Rxf8+ Rxf8 30. h4 Nh3+ 31. Kg2 Nf4+ 32. Kf3 Nd5+ 33. Ke2 Nxb6
34. Rxb7 Nc8 35. Rb6 Bg3 36. Rxc6 Bxh4 37. Rc5 Nd6 38. e5 Ne4 39. Rxa5 Ng3+ 40.
Ke3 Bg5+ 41. Kd3 h5 42. gxh5 gxh5 43. e6 Bf6 44. Ke3 h4 45. Kf3 Kg7 46. Kg2 Be7
47. Ra7 Kf6 48. Rb7 Ra8 49. Rb5 Rh8 50. Rb4 Nf5 51. Kh3 Nd6 52. Rf4+ Ke5 53. Rf1
Ne4 54. Re1 Kf4 55. Rf1+ Ke3 56. Re1+ Kf3 57. Bd5 Kf2 58. Rxe4 Rg8 59. Rg4 Rb8
60. a5 Rd8 61. c4 Rb8 62. a6 Rxb2 63. Rg2+ Kf1 64. Rxb2 Bc5 65. Kxh4 Ba7 66. e7
Bd4 67. Rb1+ Ke2 68. e8=Q+ Kd3 69. Kg4 Kc3 70. Qe1+ Kd3 71. Be4+ Kxc4 72. Qc1+
Bc3 73. Bd5+ Kd4 74. Qf4+ Kc5 75. Rd1 Ba5 76. Qc4+ Kb6 77. Qc6+ Ka7 78. Qb7# 1-0

[Event "Women's Speed Chess Q7"]
[Site "chess.com INT"]
[Date "2021.06.06"]
[Round "20"]
[White "Kotepalli, Sai Nirupama"]
[Black "Dauletova, Gulmira"]
[Result "0-1"]
[WhiteTitle "WFM"]
[BlackTitle "WGM"]
[WhiteElo "1914"]
[BlackElo "2257"]
[WhiteFideId "5039444"]
[BlackFideId "13702971"]
[EventDate "2021.06.06"]

1. e4 e5 2. d3 Nc6 3. Nf3 Nf6 4. g3 d6 5. Bg2 Be7 6. O-O O-O 7. c3 a5 8. a4 Re8
9. Nbd2 Bf8 10. h3 d5 11. Qe2 d4 12. Nc4 h6 13. Bd2 b6 14. cxd4 Nxd4 15. Nxd4
Qxd4 16. Bc3 Qc5 17. Nxe5 Ba6 18. Nc4 Bxc4 19. dxc4 Nxe4 20. Bxe4 f5 21. Qh5
Rxe4 22. b3 Rae8 23. Rad1 f4 24. Rd5 Qe7 25. Qf3 fxg3 26. Qxg3 Re6 27. Kh1 Qf7
28. Rg1 R8e7 29. Rd8 Re8 30. Rxe8 Rxe8 31. h4 Re6 32. h5 Qxh5+ 33. Qh2 Qxh2+ 34.
Kxh2 Re2 35. Rg2 Rc2 36. Bd4 Kf7 37. Rg3 Rd2 38. Rf3+ Ke6 39. Bc3 Rc2 40. Rxf8
Rxc3 41. Rc8 Kd7 42. Rg8 Rxb3 43. Rxg7+ Kc8 44. Rg6 Rb4 45. Rxh6 Rxa4 46. c5
bxc5 47. Rc6 Rc4 48. Ra6 a4 49. Kg3 Kb7 50. Ra5 Kb6 51. Ra8 Re4 52. f4 Re3+ 53.
Kf2 Re4 54. Kf3 Rd4 55. f5 Kb7 56. Ra5 Kb6 57. Ra8 c4 58. Rxa4 Kb5 59. Ra1 c3
60. Rc1 Kb4 61. Ke3 Rd8 62. Ke4 Kb3 63. f6 c2 64. Ke5 c5 65. Ke6 c4 66. f7 c3
67. Ke7 Ra8 68. f8=Q Rxf8 69. Kxf8 Kb2 70. Rf1 c1=Q 71. Rxc1 Kxc1 72. Ke7 c2 73.
Ke6 Kb2 74. Kf5 c1=Q 75. Kg6 Qc4 76. Kf6 Qd5 77. Ke7 Kc3 78. Kf6 Kd4 79. Ke7 Qc6
80. Kf7 Qd6 81. Kg7 Qe6 82. Kh8 Qe7 0-1

[Event "Women's Speed Chess Q7"]
[Site "chess.com INT"]
[Date "2021.06.06"]
[Round "21"]
[White "Zawadzka, Jolanta"]
[Black "Zhou, Qiyu"]
[Result "1-0"]
[WhiteTitle "WGM"]
[BlackTitle "FM"]
[WhiteElo "2403"]
[BlackElo "2229"]
[WhiteFideId "1122320"]
[BlackFideId "505161"]
[EventDate "2021.06.06"]

1. e4 e5 2. Nf3 Nc6 3. d4 exd4 4. Nxd4 Nf6 5. Nxc6 bxc6 6. Bd3 Bb4+ 7. c3 Bc5 8.
O-O d6 9. b4 Bb6 10. Na3 O-O 11. Nc4 Be6 12. Bg5 h6 13. Bh4 g5 14. Nxb6 cxb6 15.
Bg3 Nd7 16. Bxd6 Re8 17. e5 c5 18. Be4 Rc8 19. Qh5 Nf8 20. Qxh6 1-0

[Event "Women's Speed Chess Q7"]
[Site "chess.com INT"]
[Date "2021.06.06"]
[Round "21"]
[White "Petrova, Irina"]
[Black "Szente Varga, Fruzsina"]
[Result "1-0"]
[WhiteTitle "WIM"]
[BlackTitle "WFM"]
[WhiteElo "2110"]
[BlackElo "2100"]
[WhiteFideId "14124122"]
[BlackFideId "712264"]
[EventDate "2021.06.06"]

1. e4 e5 2. Bc4 Nf6 3. d4 exd4 4. Nf3 d6 5. Qxd4 Be7 6. Nc3 O-O 7. Bg5 Nc6 8.
Qd2 Bg4 9. O-O-O Bxf3 10. gxf3 Ne5 11. Be2 b5 12. f4 Nc4 13. Bxc4 bxc4 14. Rhg1
Nd7 15. Bh6 Bf6 16. e5 Kh8 17. exf6 gxh6 18. Ne4 Rg8 19. f5 Rxg1 20. Rxg1 Nc5
21. Qxh6 Qf8 22. Qg7+ Qxg7 23. fxg7+ Kg8 24. Nf6# 1-0

[Event "Women's Speed Chess Q7"]
[Site "chess.com INT"]
[Date "2021.06.06"]
[Round "21"]
[White "Gevorgyan, Maria"]
[Black "Balabayeva, Xeniya"]
[Result "1-0"]
[WhiteTitle "WGM"]
[BlackTitle "WFM"]
[WhiteElo "2219"]
[BlackElo "2116"]
[WhiteFideId "13300270"]
[BlackFideId "13719688"]
[EventDate "2021.06.06"]

1. e4 c6 2. d4 d5 3. Nc3 dxe4 4. Nxe4 Nf6 5. Nxf6+ exf6 6. Nf3 Bd6 7. c3 O-O 8.
Be3 Nd7 9. Qc2 Re8 10. O-O-O Nf8 11. Bd3 Be6 12. h3 Qa5 13. b3 Qc7 14. g4 Bd5
15. Nh4 Bxh1 16. Rxh1 g6 17. Kb2 Bf4 18. Ng2 Bxe3 19. Nxe3 Re6 20. h4 Rae8 21.
h5 Qf4 22. hxg6 fxg6 23. Bc4 Kg7 24. Bxe6 1-0

[Event "Women's Speed Chess Q7"]
[Site "chess.com INT"]
[Date "2021.06.06"]
[Round "21"]
[White "Zaksaite, Salomeja"]
[Black "Vine, Elzbieta"]
[Result "1-0"]
[WhiteTitle "WIM"]
[BlackTitle "WFM"]
[WhiteElo "2202"]
[BlackElo "2138"]
[WhiteFideId "12801496"]
[BlackFideId "1119320"]
[EventDate "2021.06.06"]

1. e4 c5 2. Nf3 Nc6 3. Bb5 Nd4 4. Nxd4 cxd4 5. a4 Nf6 6. d3 a6 7. Bc4 d5 8. exd5
Nxd5 9. O-O e5 10. Re1 f6 11. f4 Ne3 12. Bxe3 dxe3 13. fxe5 fxe5 14. Qh5+ g6 15.
Qxe5+ Qe7 16. Qxh8 Bf5 17. Nc3 O-O-O 18. Nd5 Qd6 19. Qxh7 Be6 20. Nxe3 Bxc4 21.
Nxc4 Qd4+ 22. Kh1 1-0